| 000 | 00808cam a2200253 i 4500 | ||
|---|---|---|---|
| 999 |
_c119453 _d119453 |
||
| 001 | 19200418 | ||
| 005 | 20201022092715.0 | ||
| 008 | 160801s2016 nyua 001 0 eng | ||
| 020 | _a9781259277726 (hbk : alk. paper) | ||
| 040 | _cPK-LaUMT | ||
| 082 | 0 | 0 |
_a612 _223 _bSAL-A |
| 100 | 1 | _aSaladin, Kenneth S. | |
| 245 | 1 | 0 |
_aAnatomy & physiology : _bthe unity of form and function / _cby Kenneth S. Saladin ; digital authors, Christina A. Gan, Heather N. Cushman |
| 250 | _a8th ed. | ||
| 260 |
_aNew York : _bMcGraw-Hill Education, _c2018 |
||
| 300 |
_a1125 p. : _bcolor illustrations ; _c29 cm |
||
| 500 | _aIncludes index. | ||
| 650 | 0 | _aHuman physiology | |
| 650 | 0 | _aHealth sciences | |
| 650 | 0 | _aHuman anatomy | |
| 700 | 1 | _aGan, Christina A., | |
| 700 | 1 | _aCushman, Heather N., | |
| 942 | _cBK | ||